000 00405nam a22001577a 4500
005 20180327121956.0
008 160518b xxu||||| |||| 00| 0 eng d
041 _aeng
082 _b2749
_a338.88
100 _aCherunilam Francis
_9393
245 _aInternational Business Environment
260 _aNew Delhi
_bHimalaya Publishing House,
_c2003
300 _a532
650 _aManagement
_9241
942 _cBK
999 _c981
_d981